Normal view
MARC view
- Project Supervisor's Dr. Danish Hussain Muhammad Asst. Prof. Kanwal Naveed
Entry Personal Name
001 - CONTROL NUMBER
- control field: 73245
003 - CONTROL NUMBER IDENTIFIER
- control field: NUST
005 - DATE AND TIME OF LATEST TRANSACTION
- control field: 20210628205005.0
008 - FIXED-LENGTH DATA ELEMENTS
- fixed length control field: 210628|| aca||aabn | a|a d
040 ## - CATALOGING SOURCE
- Original cataloging agency: NUST
- Transcribing agency: NUST
100 ## - HEADING--PERSONAL NAME
- Personal name: Project Supervisor's Dr. Danish Hussain Muhammad Asst. Prof. Kanwal Naveed
670 ## - SOURCE DATA FOUND
- Source citation: Work cat.: (NUST): Muhammad Taaha Jawad. Saad Salahuddin. Fawaz Kirmani 73243, PR-SOF-1956-Design and Fabrication of an Autonomous Floor Cleaning Robot, 2020
